000 00879nam a2200301 a 4500
003 AR-BaBNM
005 20251128203546.0
008 082120s2002 ||||||||||||||000 | spa||
020 _a950-07-0181-2
040 _cAR-BaBNM
100 1 _aAlfonsín, Raúl Ricardo
245 0 0 _a¿Qué es el radicalismo?
250 _a2ª ed.
260 _aBuenos Aires
_bSudamericana
_c1983
300 _a326 p.
_btablas,láms.
490 0 _aDe los partidos políticos nacionales
504 _aBibliografía para consultar p. 319-326
610 2 4 _aUnión Cívica Radical [Argentina]
650 4 _aDEMOCRACIA
650 4 _aPARTIDOS POLITICOS ARGENTINOS
650 4 _aHISTORIA POLITICA
650 4 _aHISTORIA DE LAS IDEAS
650 4 _aPRESIDENCIAS ARGENTINAS
650 4 _aREVOLUCIONES RADICALES
800 1 _aPerrone, Alberto M.
_edirector
942 _cBK
998 _cmariana
999 _c3940
_d3940